To Use or Not To Use the Mother Tongue in Foreign Language Teaching?
Analýza argumentov podpory materinského jazyka vo výučbe jazyka cudzieho.
Salvato in:
| Autore principale: | |
|---|---|
| Altri autori: | |
| Natura: | Capitolo di libro |
| Lingua: | inglese |
| Soggetti: | |
| Tags: |
Nessun Tag, puoi essere il primo ad aggiungerne!!
|
MARC
| LEADER | 00000nla a2200000 4500 | ||
|---|---|---|---|
| 001 | 0212219 | ||
| 005 | 20240502083531.1 | ||
| 041 | 0 | |a eng | |
| 044 | |a RU | ||
| 245 | 1 | 0 | |a To Use or Not To Use the Mother Tongue in Foreign Language Teaching? |c Hana Pašková, Eleonóra Zsapková |
| 520 | |a Analýza argumentov podpory materinského jazyka vo výučbe jazyka cudzieho. | ||
| 610 | 2 | 0 | |a jazyk materinský |
| 610 | 2 | 0 | |a jazyky cudzie |
| 610 | 2 | 0 | |a analýza komparatívna |
| 100 | 1 | |a Pašková, Hana | |
| 700 | 1 | |a Zsapková, Eleonóra | |